000 01448nam a2200445 i 4500
001 33067
003 KOSZ 005
005 20211119100916.0
008 980910s1980 pl a |001 0 pol d
015 _aUWD 1980/8242
020 _a8321401686
035 _a991005491389705066
035 _a(PL-WaBN)b11435495-48omnis_nlop
035 _ab11435495
035 _a(OCoLC)749143671
035 _azz2003801980
035 _a(PL)b0000001143549
035 _a(EXLNZ-48OMNIS_NETWORK)9910045013405606
040 _aWA N
_cWA N
_dKOSZ 005/HR
080 _a1(091)
100 1 _aLegowicz, Jan
_d(1909-1992)
_eAutor
245 1 0 _aZarys historii filozofii :
_belementy doksografii /
_cJan Legowicz.
250 _a[Wyd. 4].
260 _aWarszawa :
_b"Wiedza Powszechna",
_c1980.
300 _a609, [3] s. :
_bil., mapy ;
_c24 cm.
336 _aTekst
_btxt
_2rdacontent
337 _aBez urządzenia pośredniczącego
_bn
_2rdamedia
338 _aWolumin
_bnc
_2rdacarrier
380 _aKsiążki
380 _aPublikacje naukowe
388 _a1901-2000
504 _aBibliogr. s. 506-583. - Indeksy.
650 7 _aFilozofia
_2DBN
650 7 _aHistoria
658 _aFilozofia i etyka
710 2 _aPaństwowe Wydawnictwo Wiedza Powszechna
_4pbl
856 _uhttp://koha.tu.koszalin.pl/cgi-bin/koha/opac-detail.pl?biblionumber=33067
_yKatalog online BPK
942 _2UKD
_cKS
999 _c33067
_d33067